000 00512nam a22001697a 4500
005 20251108175739.0
008 250721s9999 xx 000 0 ara d
082 1 4 _aم/351.720009565/ارد
245 1 0 _aديوان المحاسبة الاردنية /
264 1 _aعمان :
_bديوان المحاسبة،
300 _a132ص.
650 1 7 _aالمحاسبة الحكومية
650 1 7 _aتدقيق الحسابات الحكومية
650 1 7 _aالاردن
942 _2ddc
_cREF
999 _c141443
_d141443